David Copperfield

Bibliographic Details
Main Author: Dickens, Charles
Format: Book
Published: India : Fortune Books , 2004
Series:Fortune illustrated classics
Subjects:

MARC

LEADER 00000cam a2200000 7i4500
001 0000009578
005 20071001.0
008 071001
020 |a 8181991184 
090 0 0 |a DIC   |b ENG 
100 1 |a Dickens, Charles 
245 1 0 |a David Copperfield   |c Charles Dickens 
260 |a India :   |b Fortune Books ,   |c 2004 
440 |a Fortune illustrated classics 
650 0 |a English fiction 
999 |a 0000997483   |b Book   |c Adult Collection   |e Perbadanan Perpustakaan Awam Johor 
999 |a 0000997484   |b Book   |c Adult Collection   |e Perbadanan Perpustakaan Awam Johor 
999 |a 0000997485   |b Book   |c Adult Collection   |e Perbadanan Perpustakaan Awam Johor